| 000 | 00711nam a22002173a 4500 | ||
|---|---|---|---|
| 005 | 20221022063440.0 | ||
| 008 | 011016s1993 es r 000 0 spa d | ||
| 020 | _a8427710089 | ||
| 035 | _aUPN01000114351 | ||
| 049 | _aCG | ||
| 050 | 4 |
_aLC4801.5 _bG8.28 |
|
| 100 | 1 | _aGupta, Rajinder M. | |
| 245 | 1 | 0 |
_aAsesoramiento y apoyo psico-pedagógico : _bestrategias prácticas de intervención educativa / _cRajinder M. Gupta, Peter Coxhead ; tr. Guillermo Solana Alonso. |
| 260 |
_aMadrid : _bNarcea, _c1993 |
||
| 300 | _a222 p. | ||
| 440 | 0 |
_aEducación hoy. _pEstudios |
|
| 650 | 4 |
_aFOBIA A LA ESCUELA _920867 |
|
| 650 | 2 |
_aProblemas de conducta _910674 |
|
| 700 | 1 |
_aCoxhead, Peter, _ecoaut. |
|
| 905 | _aLibro | ||
| 999 |
_c88259 _d88259 |
||